00683nam a2200241 a 4500001001300000003000900013005001700022008004100039020001000080082001300090100002200103245001200125260003800137300000900175500003500184505003400219650002000253700002200273902000800295942000700303952011400310999001700424nice12345678IN_TiNIC20260116013936.0050524s1998 dela grp 000 0 eng  ac69500a823bRAO aRao, P V Narsimha aInsider aDelhibViking Penguin Booksc1998 a767p aincludes index and biblioraphy2 aAppendix, Bibliography, Index aEnglish-Fiction1 aRao, P V Narsimha bSRS cBK 001040708StackRoom-aHMIbHMId2008-07-03g695.00l0o823 RAOp018106r2008-07-03v695.00w2005-05-24yBK c13207d13207